| 000 | 00808nam a22002057a 4500 | ||
|---|---|---|---|
| 008 | 100803t xxu||||| |||| 00| 0 eng d | ||
| 020 | _a9953330255 | ||
| 082 |
_222 _a658.4 _bم س ا |
||
| 100 |
_917039 _aالمساد،محمود |
||
| 245 |
_aالإدارة الفعالة=effective management _cمحمود المساد |
||
| 260 |
_aلبنان: _bمكتبة لبنان، _c2003. |
||
| 300 |
_a303ص. _c24سم |
||
| 650 |
_917046 _aالتنمية الإدارية |
||
| 650 |
_915143 _aالقيادة الإدارية |
||
| 650 |
_917053 _aالإدارة _xتطوير |
||
| 650 |
_917054 _aالإتصال |
||
| 942 |
_2ddc _cBB |
||
| 999 |
_c14601 _d14601 |
||